Kruh dní /
Historický román Kena Folletta, v jehož středu se objevuje prehistorický monument Stonehenge. Tato stavba, která je jednou z největších světových záhad v dějinách lidstva, se v autorově podání stává dějištěm strhujícího vyprávění.
Uloženo v:
| Hlavní autor: | |
|---|---|
| Další autoři: | , |
| Médium: | Kniha |
| Jazyk: | Czech |
| Vydáno: |
Praha :
Euromedia Group,
2026
|
| Vydání: | Vydání první |
| Témata: | |
| Celkem bylo vypůjčeno: | 0x |
| Tagy: |
Žádné tagy |
| LEADER | 02791nam a2200481 i 4500 | ||
|---|---|---|---|
| 001 | 106329 | ||
| 003 | CZ PrNK | ||
| 005 | 20260513095322.0 | ||
| 007 | ta | ||
| 008 | 260505s2026 xr g 000 f cze | ||
| 015 | |a cnb003750381 | ||
| 020 | |a 9788028416874 |q (vázáno) | ||
| 040 | |a ABG001 |b cze |e rda | ||
| 041 | 1 | |a cze |h eng | |
| 072 | 7 | |a 821.111-3 |x Anglická próza, anglicky psaná |2 Konspekt |9 25 | |
| 080 | |a 821.111-31 |2 MRF | ||
| 080 | |a (410.1) |2 MRF | ||
| 080 | |a (0:82-311.6) |2 MRF | ||
| 100 | 1 | |a Follett, Ken, |d 1949- |7 jn20000810169 |4 aut |9 13248 | |
| 240 | 1 | 0 | |a Circle of days. |l Česky |
| 245 | 1 | 0 | |a Kruh dní / |c Ken Follett ; přeložili Libuše a Luboš Trávníčkovi |
| 250 | |a Vydání první | ||
| 264 | 1 | |a Praha : |b Euromedia Group, |c 2026 | |
| 300 | |a 485 stran ; |c 24 cm | ||
| 336 | |a text |b txt |2 rdacontent | ||
| 337 | |a bez média |b n |2 rdamedia | ||
| 338 | |a svazek |b nc |2 rdacarrier | ||
| 500 | |a Přeloženo z angličtiny | ||
| 500 | |a "Vydala Euromedia Group, a.s., v edici Kalibr"--Tiráž | ||
| 520 | 2 | |a Historický román Kena Folletta, v jehož středu se objevuje prehistorický monument Stonehenge. Tato stavba, která je jednou z největších světových záhad v dějinách lidstva, se v autorově podání stává dějištěm strhujícího vyprávění. |b Nadaný kopáč pazourků Seft se za letního vedra ubírá po Velké planině, aby přihlížel obřadům ohlašujícím začátek nového roku. Přichází také využít této příležitosti, aby na trhu směnil své kameny za jiné potřebné věci. Hlavně však chce najít Neen, dívku, do níž je hluboce zamilovaný. Její rodina žije v hojnosti a Seft díky jejich pasteveckému společenství získá možnost uniknout od svého krutého otce a bratrů. Neenina sestra Joia je kněžka s vizí a mimořádnou schopností vést lidi. Jako dítě uchváceně sleduje obřad letního slunovratu a sní o zázračném novém Monumentu postaveném z největších kamenů na světě. Jenže v kopcích a lesích Velké planiny se schyluje k potížím. Nakladatelská anotace. | |
| 651 | 7 | |a Stonehenge (Anglie) |7 ge130957 |2 czenas | |
| 651 | 9 | |a Stonehenge (England) |2 eczenas | |
| 655 | 7 | |a anglické romány |7 fd131814 |2 czenas |9 53421 | |
| 655 | 7 | |a historické romány |7 fd132414 |2 czenas |9 53624 | |
| 655 | 9 | |a English fiction |2 eczenas | |
| 655 | 9 | |a historical novels |2 eczenas | |
| 700 | 1 | |a Trávníčková, Libuše, |d 1936- |7 mzk2003175733 |4 trl |9 23470 | |
| 700 | 1 | |a Trávníček, Luboš, |d 1943- |7 jk01140044 |4 trl |9 23471 | |
| 710 | 2 | |a Kalibr (nakladatelství) |7 ko20261289695 |4 pbl |9 117203 | |
| 910 | |a UOG502 | ||
| 942 | |2 ddc |c KN | ||
| 999 | |d 106329 | ||
| 993 | |0 0 |1 421180107050 |2 ddc |4 0 |7 0 |9 99702 |b 0 |c 107050 |d 2026-05-13 |e 0 |f DOSP |h 599.00 |i Koupě |l DOSP |r 2026-05-13 |t 6 |w 2026-05-13 |y KN |z HISTO |n | ||